000 00845nas a2200253 4500
001 BR7306618
003 BR-BrBNA
005 20231205082614.0
007 ta
008 230509b bl.|||p| |||| 00| 00por d
040 _aBR-BrBNA
_bpor
_cBiblioteca Nacional de Agricultura
041 _a(Pt)
072 _aL74
100 1 _aBechara, G.H.
100 1 _aLucas, A. de
100 1 _aAlbuquerque, J.F.G. de
111 1 _aEncontro Regional da Sociedade Brasileira para o Progresso da Ciencia
_cJaboticabal, SP (Brazil)
_d6 May 1974
245 1 _aDescricao de um caso de malformacoes de um suino (Sus scrofa Domesticus)
650 _aSUÍNO
650 _aDISTURBIO GENETICO
773 0 _tCiencia e Cultura (Brazil)
_xISSN 0009-6725
_g(Dec 1975), v. 27(12) p. 1333
_wBR7306618
909 _a202311
_bLúcia
_c55
_dLúcia Elande
942 _2AGRIS
_n0
_cANA
999 _c93173
_d93173